000 00422nam a2200169 a 4500
001 0000-9338
003 ELIB.Books
008 110520 1969
035 _a(ELIB.Books)0000-9490
082 _a264.1
_bLin
100 _aLindsell, Harold
245 _aWhen you pray
260 _bWheaton: Tyndale House Publishers, Inc.
_c1969
650 _aPrayer
942 _2ddc
_cBK
998 _cbat
_e2011-05-20
999 _c9338
_d9338